Statistics for Dog Man Characters By Picture

Click here to take the quiz!

General Stats

  • This quiz has been taken 51 times
  • The average score is 8 of 16

Answer Stats

Answer% Correct
Dog Man
100%
Li'l Petey
97%
Petey
94%
Chief
82%
80-HD
68%
Zuzu
50%
Piggy
41%
Big Jim
35%
Sarah Hatoff
32%
Nurse Lady
29%
Bub
26%
Crunky
24%
Grampa
24%
Flippy
21%
Molly
21%
Mayor
9%

Score Distribution

Percentile by Number Answered

Percent of People with Each Score

Your Score History

You have not taken this quiz